|
|
|
|
| LEADER |
01740nam a2200421 a 4500 |
| 001 |
000373627 |
| 003 |
CZ BrMZK |
| 005 |
20230629072731.0 |
| 008 |
010907s1998 xr e cze d |
| 040 |
|
|
|a BOA001
|b cze
|
| 043 |
|
|
|a e-xr---
|b e-xr-jm
|2 czenas
|
| 045 |
|
|
|a w6x2
|
| 072 |
|
7 |
|a 929.5/.9
|x Genealogie. Heraldika. Šlechta. Vlajky
|2 Konspekt
|9 8
|
| 080 |
|
|
|a 930.85
|2 MRF
|
| 080 |
|
|
|a 061
|2 MRF
|
| 080 |
|
|
|a 316.72/.75-027.22
|2 MRF
|
| 080 |
|
|
|a 929.9
|2 MRF
|
| 080 |
|
|
|a (437.322)
|2 MRF
|
| 080 |
|
|
|a (048.8)
|2 MRF
|
| 100 |
1 |
|
|a Sedlářová, Jitka,
|d 1942-
|7 jk01110577
|4 aut
|
| 245 |
1 |
0 |
|a Replika historického praporu Čtenářsko-pěveckého spolku Rastislav v Blansku /
|c [text Jitka Sedlářová].
|
| 260 |
|
|
|a Blansko :
|b Městská knihovna,
|c 1998
|
| 300 |
|
|
|a [3] s. :
|b il. ;
|c 30 cm
|
| 610 |
2 |
7 |
|a Čtenářsko-pěvecký spolek Rastislav
|7 kn20030812001
|2 czenas
|
| 648 |
|
7 |
|a 19.-20. století
|7 ch757015
|2 czenas
|
| 650 |
0 |
7 |
|a kulturní život
|7 ph122030
|z Česko
|y 19.-20. století
|2 czenas
|
| 650 |
0 |
7 |
|a národní obrození
|7 ph123437
|z Česko
|2 czenas
|
| 650 |
0 |
7 |
|a spolky
|7 ph125936
|z Česko
|2 czenas
|
| 650 |
0 |
7 |
|a prapory
|7 ph124552
|z Česko
|2 czenas
|
| 651 |
|
7 |
|a Blansko (Česko)
|7 ge128766
|2 czenas
|
| 655 |
|
7 |
|a studie
|7 fd133597
|2 czenas
|
| 710 |
2 |
|
|a Knihovna města Blanska
|7 kn20040314143
|
| 856 |
4 |
1 |
|u http://www.digitalniknihovna.cz/mzk/uuid/uuid:057fe5b0-96d3-11e2-9a9f-005056827e51
|y Digitalizovaný dokument
|x NDK
|
| 910 |
|
|
|a BOA001
|b X2-1052.282
|
| 967 |
|
|
|a Blansko
|c cz-ms
|
| 990 |
|
|
|a BK
|
| 996 |
6 |
|
|b 2610082161
|c X2-1052.282
|l MZK
|r Sklad / do 24 hodin
|n 1
|p p.v.
|w 000373627
|u 000010
|a 1
|e BOA001
|j MZK50
|s P
|
| 996 |
6 |
|
|b 2610490858
|c X2-1052.282
|l MZK
|r Sklad / do 24 hodin
|n 0
|p dar
|w 000373627
|u 000020
|a 1
|e BOA001
|j MZK50
|s P
|